| 000 | 01473nam a2200385 i 4500 | ||
|---|---|---|---|
| 001 | 197097 | ||
| 003 | ES-MaACL | ||
| 005 | 20250831125146.0 | ||
| 008 | 250403s1995 sp | ||| ||spa | ||
| 016 | 7 |
_abimoBNE19950216111 _2SpMaBN |
|
| 017 |
_aM 13062-1995 _bOficina Depósito Legal Madrid |
||
| 020 | _a8403597045 | ||
| 035 | _a(OCoLC)434073394 | ||
| 035 | _a(SpMaBN)bimo0000447099 | ||
| 040 |
_aSpMaBN _bspa _cSpMaBN _erdc |
||
| 080 | _a654.195(460) | ||
| 100 | 1 |
_aMorena, José Ramón de la, _d1956- _9240001 _eaut |
|
| 240 | 1 | 4 | _aLos silencios de El Larguero |
| 245 | 1 | 4 |
_aLos silencios de El Larguero / _cJosé Ramón de la Morena. |
| 250 | _aPrimera edición: mayo 1995 | ||
| 260 |
_aMadrid : _bEl País, _bAguilar, _c1995. |
||
| 300 |
_a214 páginas, [16] páginas de láminas : _bilustrado blanco y negro ; _c24 cm. |
||
| 336 |
_2rdacontent _atexto |
||
| 337 |
_2rdamedia _asin mediación |
||
| 338 |
_2rdacarrier _avolumen |
||
| 490 | 1 | _aVisto y leído | |
| 630 | 3 | 0 |
_aEl Larguero (Programa de radio) _9240002 |
| 650 | 7 |
_aFútbol _2embne _913019 |
|
| 852 |
_aES-MaACL _cDEPOJ _jN-10471 _hDonación: José Lázaro García _xEncuadernación rústica con solapas _9206594 |
||
| 903 |
_9234219 _aLázaro García, José _ednr |
||
| 942 |
_cMONOGRAFIA _n0 |
||
| 999 |
_c197097 _d197097 |
||